MARC
| LEADER | 00000cam a2200000 7i4500 | ||
|---|---|---|---|
| 001 | 0000009557 | ||
| 002 | 000010413 | ||
| 005 | 20000330.0 | ||
| 020 | |a 9836228063 | ||
| 090 | 0 | 0 | |a 899.2333 |b ABD |
| 100 | 0 | |a A. Samad Ismail | |
| 245 | 1 | 0 | |a Lazri Meon Daerah Zeni |
| 999 | |a 054345 |b BUKU |c PINJAMAN |e PERPUSTAKAAN KOMUNITI PETALING JAYA | ||
| 999 | |a 054346 |b BUKU |c PINJAMAN |e PERPUSTAKAAN KOMUNITI PETALING JAYA | ||